| 000 | 01804nam2a22003371 4500 | ||
|---|---|---|---|
| 001 | rc\353484 | ||
| 005 | 20250612172738.0 | ||
| 010 |
_a5-06-000272-1 _d35 к. _935000 |
||
| 021 |
_aRU _b90-10764 |
||
| 035 | _a(NLR Aleph) 008752763 | ||
| 090 |
_a7817556 _c7817556 |
||
| 100 | _a20030307d1989 |||y0rusy50 ca | ||
| 101 | 0 | _arus | |
| 102 | _aRU | ||
| 105 | _aa z|||||||| | ||
| 200 | 1 |
_aКомплексные технологические процессы ГПС _f[В.Ф. Горнев, А.М. Савинов, В.И. Валиков] |
|
| 210 |
_d1989 _aБ. м. |
||
| 215 |
_a108, [3] с. _cил. |
||
| 320 | _aБиблиогр.: с. 110 (9 назв.) | ||
| 461 | 0 |
_1001rc\353482 _12001#$aГибкие производственные системы, промышленные роботы, робототехнические комплексы$e[в 14 книгах]$fпод ред. Б.И. Черпакова$vКн. 2 _97918461 _cМосква _d1989-1990 _fпод ред. Б.И. Черпакова _nВысшая школа _o[в 14 книгах] _tГибкие производственные системы, промышленные роботы, робототехнические комплексы _vКн. 2 |
|
| 606 | 1 |
_aГибкие автоматизированные производства в машиностроении _xУправление _xСистемы _xПроектирование _91403495 _3RU\NLR\AUTH\66278575 |
|
| 686 | 0 |
_aз966.5 _2rubbk |
|
| 700 | 1 |
_aГорнев _bВ. Ф. _gВадим Федорович |
|
| 701 | 1 |
_aСавинов _bА. М. _gАндрей Михайлович |
|
| 701 | 1 |
_aВаликов _bВ. И. |
|
| 801 | 0 |
_aRU _bNLR _gpsbo |
|
| 801 | 1 |
_aRU _bELAR _2rusmarc |
|
| 801 | 2 |
_aRU _bNLR _c20140409 _2rusmarc |
|
| 852 |
_aNLR _j89-3/11261 (2) |
||
| 942 | _cBOOK | ||
| 980 | _aNB | ||